Pravdivá historie

Bibliographic Details
Main Author: Montesquieu, Charles de Secondat, 1689-1755 (Author)
Format: Book
Language:Czech
PhysicalDescription:110 s. viaz.
Published: Praha Odeon 1983
Edition:1. vyd.

MARC

LEADER 00000nam a2200000 a 4500
001 vtls001550037
003 SK-MaSNL
005 20260302073948.0
008 240318e1uuu xo 0
035 |a VTK27878 
040 |a SNK  |b slo  |c SNK  |e AACR2 
041 0 |a cze 
041 1 |h fra 
044 |a xo  |c SK 
100 1 |a Montesquieu, Charles de Secondat,  |d 1689-1755  |4 aut  |9 45855 
245 1 0 |a Pravdivá historie 
250 |a 1. vyd. 
260 |a Praha  |b Odeon  |c 1983 
300 |a 110 s. viaz. 
999 |c 1163030  |d 1164960 
952 |a SNK  |b SNK  |y VYP  |7 0  |p 17A0611464  |o snkIE 7649   |i snkKIP 4909/83  |3 rekatalogizácia  |0 0  |1 0  |4 0  |d 2009-02-12  |l 0  |r 2026-02-24 20:39:26  |w 2026-02-24 
952 |a SNK  |b SNK  |y VYP  |7 0  |p 17A0495428  |o snkIE 7649 D1  |i snkKIP 4910/83  |3 rekatalogizácia  |0 0  |1 1  |4 0  |d 2006-01-31  |l 0  |r 2026-02-24 20:39:26  |w 2026-02-24 
952 |a SNKLM  |b SNKLM  |y NEVYP  |7 0  |o snklmKK 249  |i snklm157/2001  |8 7  |0 0  |1 0  |4 0  |d 2006-02-23  |l 0  |r 2026-02-24 20:39:26  |w 2026-02-24